[Event "IECC O-1963"]
[Site "IECC email"]
[Date "2004.05.19"]
[Round "?"]
[White "Theisen, Paul"]
[Black "Lafargue, Philippe"]
[Result "1-0"]
[WhiteElo "984"]
[BlackElo "937"]
[PlyCount "51"]
[EventDate "2004.??.??"]
[EventType "swiss (corr)"]
[EventRounds "2"]
[SourceTitle "Corr 2020"]
[Source "ChessBase"]
[SourceDate "2019.09.30"]
[SourceVersion "1"]
[SourceVersionDate "2019.09.30"]
[SourceQuality "1"]
[WhiteTeam "United States"]
[BlackTeam "France"]
[WhiteTeamCountry "USA"]
[BlackTeamCountry "FRA"]

1. e4 e5 2. Nf3 Nf6 3. Nc3 d5 4. Nxd5 Nxd5 5. exd5 e4 6. Qe2 Qe7 7. Nd4 g6 8. c4 Bg7 9. Nb5 0-0 10. d4 Re8 11. Bf4 Na6 12. Qd2 c6 13. dxc6 bxc6 14. Nd6 Rd8 15. c5 h6 16. Nxc8 Raxc8 17. Bxa6 Rxd4 18. Qe3 Rd3 19. Bxd3 f5 20. Ba6 Rd8 21. Bxh6 Rd3 22. Bxd3 Bxh6 23. Qxh6 exd3+ 24. Qe3 d2+ 25. Kxd2 Qb7 26. Qe6+ 1-0

[Event "IECC O email"]
[Site "IECC email"]
[Date "2002.01.21"]
[Round "?"]
[White "O'Gara, Robert Michael"]
[Black "Theisen, Paul"]
[Result "1-0"]
[WhiteElo "986"]
[BlackElo "1000"]
[PlyCount "49"]
[EventDate "2002.??.??"]
[EventType "tourn (corr)"]
[EventRounds "6"]
[SourceTitle "Corr 2008"]
[Source "ChessBase"]
[SourceDate "2008.06.24"]
[SourceVersion "1"]
[SourceVersionDate "2008.06.24"]
[SourceQuality "1"]

1. d4 d5 2. Nf3 Nf6 3. e3 Nc6 4. Bd3 e5 5. dxe5 Ng4 6. 0-0 Nb4 7. a3 Nxd3 8. Qxd3 c5 9. b3 f6 10. exf6 gxf6 11. e4 Bd7 12. exd5 Rc8 13. Qe4+ Be7 14. Nc3 Qc7 15. h3 f5 16. Qe2 Rf8 17. g3 b5 18. hxg4 fxg4 19. Nh4 a5 20. Bh6 Rf6 21. Nxb5 Qb7 22. Rfe1 Bxb5 23. Qxg4 Bd7 24. Qg8+ Rf8 25. Qxf8# 1-0